[Event "Michigan Team Championship"]
[Site "Romulus, Mich."]
[Date "1980.11.02"]
[Round "5"]
[White "Moody, David"]
[Black "Sadowski, Ken"]
[Result "1/2-1/2"]
[WhiteElo "1924"]
[BlackElo "1891"]
[PlyCount "28"]
[EventDate "1980.11.01"]

1. e4 d5 2. Nc3 d4 3. Nce2 e5 4. Ng3 Nc6 5. Nf3 Bd6 6. Bb5 Nge7 7. d3 a6 8.
Bxc6+ Nxc6 9. Qe2 Bg4 10. h3 Bxf3 11. Qxf3 Bb4+ 12. Bd2 Bxd2+ 13. Kxd2 Qe7 14.
Rae1 O-O-O 1/2-1/2

[Event "Michigan Team Championship"]
[Site "Romulus, Mich."]
[Date "1980.11.02"]
[Round "4"]
[White "Gajic, Zoran"]
[Black "Moody, David"]
[Result "1-0"]
[WhiteElo "2321"]
[BlackElo "1924"]
[PlyCount "81"]
[EventDate "1980.11.01"]

1. e4 e5 2. Bc4 Nf6 3. Nc3 Nxe4 4. Qh5 Nd6 5. Qxe5+ Qe7 6. Qxe7+ Bxe7 7. Bb3
O-O 8. Nf3 Nc6 9. O-O b6 10. Re1 Bb7 11. Nd5 Bd8 12. a3 Re8 13. Rxe8+ Nxe8 14.
d3 Nf6 15. Nc3 h6 16. Bd2 a6 17. Re1 Be7 18. Bf4 d6 19. d4 Re8 20. d5 Na5 21.
Ba2 b5 22. Nd2 Bc8 23. b4 Nb7 24. Nf3 Kf8 25. Nd4 Nd7 26. Be3 Bf6 27. Rd1 Ne5
28. h3 Nd8 29. a4 c5 30. dxc6 Nexc6 31. axb5 Nxb4 32. Bb3 axb5 33. Ncxb5 Nb7
34. Nc7 Rd8 35. c3 Bxd4 36. Bxd4 Nc6 37. Bb6 Rd7 38. Ba4 Re7 39. Bxc6 Nc5 40.
Bxc5 Rxc7 41. Bxd6+ 1-0

[Event "5th UMD Tornado"]
[Site "Dearborn, Mich."]
[Date "1980.11.15"]
[Round "2"]
[White "Sims, Booker"]
[Black "Moody, David"]
[Result "0-1"]
[WhiteElo "1638"]
[BlackElo "1924"]
[PlyCount "118"]
[EventDate "1980.11.15"]

1. d4 Nf6 2. c4 c5 3. d5 e6 4. Nc3 exd5 5. cxd5 d6 6. e4 g6 7. Be2 Bg7 8. Nf3
O-O 9. O-O a6 10. a4 Re8 11. Bg5 Qb6 12. a5 Qc7 13. Qc2 Nbd7 14. Bd3 Rb8 15.
Ne2 c4 16. Ned4 Qc5 17. Qxc4 Qxc4 18. Bxc4 Nxe4 19. Rfe1 Kf8 20. Bf4 g5 21. Be3
g4 22. Nh4 b5 23. Bd3 Ndc5 24. Bxe4 Rxe4 25. Nc6 Ra8 26. Rab1 Nd3 27. Re2 Bd7
28. Rd2 Bxc6 29. Rxd3 Bd7 30. g3 Rc8 31. Rd2 Ra4 32. Bb6 Ra2 33. Ng2 Bc3 34.
Re2 Bf5 35. Rc1 Rxb2 36. Rxb2 Bxb2 37. Rc6 Ke7 38. Ne3 Bd7 39. Rc7 Rxc7 40.
Bxc7 Bc8 41. Kf1 Bd4 42. Nc2 Bc5 43. Ke2 Bb7 44. Ne3 Kd7 45. Bb6 Bxb6 46. axb6
Ba8 47. Kd3 Kc8 48. Kd4 Kb7 49. Nf5 Kxb6 50. Nxd6 a5 51. Nxf7 a4 52. d6 Kc6 53.
d7 Kxd7 54. Ne5+ Kd6 55. Nxg4 a3 56. Kc3 b4+ 57. Kc2 Be4+ 58. Kc1 b3 59. Ne3
b2+ 0-1

[Event "5th UMD Tornado"]
[Site "Dearborn, Mich."]
[Date "1980.11.15"]
[Round "1"]
[White "Moody, David"]
[Black "Smith, Walter"]
[Result "1/2-1/2"]
[WhiteElo "1924"]
[BlackElo "1486"]
[PlyCount "46"]
[EventDate "1980.11.15"]

1. e4 c5 2. Nf3 d6 3. d4 cxd4 4. Nxd4 Nf6 5. Nc3 g6 6. Be3 Nc6 7. f3 Bg7 8. Qd2
Bd7 9. Bc4 Ne5 10. Bb3 Rc8 11. O-O-O Nc4 12. Bxc4 Rxc4 13. Bh6 Rxd4 14. Qxd4
Bxh6+ 15. Kb1 a6 16. Nd5 Bg7 17. Rhe1 O-O 18. Nxf6+ Bxf6 19. e5 Bg7 20. Qb4 Be6
21. exd6 exd6 22. Rxd6 Qc7 23. Qd2 Qc4 1/2-1/2

[Event "5th UMD Tornado"]
[Site "Dearborn, Mich."]
[Date "1980.11.15"]
[Round "3"]
[White "Moody, David"]
[Black "Finegold, Ben"]
[Result "1-0"]
[WhiteElo "1924"]
[BlackElo "1804"]
[PlyCount "59"]
[EventDate "1980.11.15"]

1. e4 e6 2. d4 d5 3. Be3 dxe4 4. f3 Bd6 5. Nd2 exf3 6. Ngxf3 Nf6 7. Bd3 Nc6 8.
c3 e5 9. O-O Bg4 10. Qa4 Qd7 11. Bb5 O-O 12. dxe5 Nd5 13. exd6 Nxe3 14. Rfe1
Bxf3 15. Nxf3 Nd5 16. dxc7 Qxc7 17. Rad1 Nf6 18. Bxc6 bxc6 19. Ne5 Qb6+ 20. Qd4
Qxb2 21. Nxc6 Qxa2 22. Ra1 Qb2 23. Ra6 Rfe8 24. Ne7+ Rxe7 25. Rxe7 Qb1+ 26. Kf2
Qf5+ 27. Ke1 Qb1+ 28. Qd1 Qb5 29. Raxa7 Rxa7 30. Qd8+ 1-0

[Event "6th UMD Tornado"]
[Site "Dearborn, Mich."]
[Date "1980.12.13"]
[Round "1"]
[White "Pollack, Barry"]
[Black "Moody, David"]
[Result "1/2-1/2"]
[WhiteElo "1592"]
[BlackElo "1923"]
[PlyCount "71"]
[EventDate "1980.12.13"]

1. e4 e5 2. Nf3 Nc6 3. Bb5 a6 4. Ba4 Nf6 5. O-O Be7 6. Re1 b5 7. Bb3 O-O 8. h3
d6 9. c3 Na5 10. Bc2 c5 11. d4 Qc7 12. d5 Rd8 13. b3 Bd7 14. Qe2 Rab8 15. Be3
Rdc8 16. Nbd2 Bf8 17. Bg5 Ne8 18. Nh4 f6 19. Be3 g6 20. f4 exf4 21. Bxf4 g5 22.
Qh5 Ng7 23. Qh6 Be8 24. Qxf6 gxf4 25. e5 Qe7 26. Qh6 Nh5 27. Nf5 Qd8 28. Qe6+
Bf7 29. Nh6+ Bxh6 30. Qxh6 Bg6 31. Bxg6 hxg6 32. Qxg6+ Ng7 33. Ne4 dxe5 34.
Nf6+ Kf8 35. Nh7+ Kg8 36. Nf6+ 1/2-1/2

[Event "6th UMD Tornado"]
[Site "Dearborn, Mich."]
[Date "1980.12.13"]
[Round "4"]
[White "Moody, David"]
[Black "Wygrecki, John"]
[Result "1/2-1/2"]
[WhiteElo "1923"]
[BlackElo "1628"]
[PlyCount "78"]
[EventDate "1980.12.13"]

1. e4 e5 2. Nf3 Nc6 3. d4 exd4 4. Bc4 Bb4+ 5. c3 dxc3 6. O-O Nf6 7. Nxc3 Bxc3
8. bxc3 d6 9. Ba3 Bg4 10. Qb3 O-O 11. Qxb7 Bxf3 12. gxf3 Ne5 13. Be2 Nh5 14.
Kh1 Nf4 15. Qb2 Qh4 16. Qd2 g5 17. Rae1 Qh3 18. Rg1 Kh8 19. Rxg5 Nxe2 20. Qxe2
Qxf3+ 21. Rg2 Rg8 22. Qxf3 Nxf3 23. Re3 Ne5 24. Reg3 Rg6 25. Bc1 Rb8 26. Be3 a6
27. Bd4 Kg8 28. f4 Rb1+ 29. Rg1 Rxg1+ 30. Rxg1 Rxg1+ 31. Kxg1 Nf3+ 32. Kg2 Nxd4
33. cxd4 c5 34. Kf3 c4 35. Ke3 Kg7 36. Kd2 Kg6 37. Kc3 f5 38. exf5+ Kxf5 39.
Kxc4 Kxf4 1/2-1/2

[Event "6th UMD Tornado"]
[Site "Dearborn, Mich."]
[Date "1980.12.13"]
[Round "3"]
[White "Moody, David"]
[Black "Burchfield, John"]
[Result "1/2-1/2"]
[WhiteElo "1923"]
[BlackElo "1815"]
[PlyCount "80"]
[EventDate "1980.12.13"]

1. e4 e6 2. d4 d5 3. Be3 dxe4 4. f3 Nf6 5. fxe4 Nxe4 6. Nf3 c5 7. Bd3 cxd4 8.
Bxd4 Nf6 9. O-O Nbd7 10. Ne5 Bc5 11. Bxc5 Nxc5 12. Bb5+ Ncd7 13. Nc3 a6 14.
Bxd7+ Bxd7 15. Qd4 O-O 16. Rxf6 Qxf6 17. Rf1 Qe7 18. Nxd7 Rfd8 19. Rd1 Rac8 20.
Ne4 Kh8 21. Nd6 Rc6 22. Nxf7+ Qxf7 23. Ne5 Rxd4 24. Nxf7+ Kg8 25. Nh6+ gxh6 26.
Rxd4 Rxc2 27. Rd8+ Kf7 28. Rd7+ Kf6 29. Rxb7 Kf5 30. Rb6 e5 31. Rxa6 Rxb2 32.
Rxh6 Rxa2 33. Rxh7 Kf4 34. Re7 Ra1+ 35. Kf2 Ra2+ 36. Ke1 Rxg2 37. Rf7+ Ke3 38.
h4 Rg1+ 39. Rf1 Rxf1+ 40. Kxf1 Kf4 1/2-1/2

[Event "East Lansing (MEX/2)"]
[Site "?"]
[Date "1981.??.??"]
[Round "?"]
[White "Wolfrom, David"]
[Black "Rawley, L.."]
[Result "0-1"]
[WhiteElo "2080"]
[BlackElo "2145"]
[PlyCount "68"]
[EventDate "1981.??.??"]

1. e4 c5 2. Nc3 Nc6 3. g3 g6 4. Bg2 Bg7 5. d3 d6 6. f4 Nh6 7. h3 O-O 8. Be3 b5
9. Qd2 b4 10. Nd1 Kh8 11. Ne2 Bd7 12. O-O Qc8 13. Kh2 Rb8 14. f5 Ng8 15. g4 e6
16. Ng3 Be5 17. Bf4 Bxf4 18. Qxf4 e5 19. Qd2 Qd8 20. Ne3 Qg5 21. Qf2 Nge7 22.
Nc4 Nc8 23. Bf3 Nd4 24. Kg2 Bb5 25. Ne3 Qh4 26. Rh1 Nb6 27. b3 Rbd8 28. Kg1 Bc6
29. Ng2 Qe7 30. h4 d5 31. Kh2 dxe4 32. Bxe4 Nd5 33. Rac1 Nf6 34. Bxc6 Nxg4+ 0-1

[Event "East Lansing (MEX/4)"]
[Site "?"]
[Date "1981.??.??"]
[Round "?"]
[White "Wolfrom, David"]
[Black "Andrews, R.."]
[Result "0-1"]
[WhiteElo "2080"]
[BlackElo "2175"]
[PlyCount "138"]
[EventDate "1981.??.??"]

1. e4 d5 2. exd5 Nf6 3. d4 Nxd5 4. c4 Nb6 5. Nf3 g6 6. h3 Bg7 7. Nc3 O-O 8. Be3
Be6 9. d5 Bc8 10. Qd2 e6 11. Be2 exd5 12. Nxd5 Nxd5 13. cxd5 c6 14. d6 Be6 15.
O-O Bd5 16. Qb4 b6 17. Rfd1 Nd7 18. Bg5 Bf6 19. Bf4 Re8 20. Rxd5 cxd5 21. Bb5
Rc8 22. Qb3 Re4 23. Bh2 Rc5 24. Rd1 d4 25. Bd3 Re8 26. Bc4 Rf8 27. Nxd4 Ne5 28.
Bd5 Qxd6 29. Nf5 Qc7 30. Nh6+ Kg7 31. Ng4 Rc1 32. Nxf6 Rxd1+ 33. Qxd1 Kxf6 34.
Bg3 Kg7 35. Qd4 f6 36. f4 Nd7 37. Kh2 Re8 38. f5 Ne5 39. fxg6 hxg6 40. Bb3 Rd8
41. Qe4 Qc5 42. Qb7+ Rd7 43. Qa8 Qf8 44. Qe4 Qe7 45. Qa8 Rd8 46. Qe4 Qd6 47.
Qb7+ Qd7 48. Qe4 Qc7 49. Bf4 a5 50. Bc2 Qc6 51. Qxc6 Nxc6 52. Bc7 Rd2 53. Ba4
Rxb2 54. Bxc6 Rc2 55. Bxb6 Rxc6 56. Bxa5 Ra6 57. Bc7 Rxa2 58. Bf4 g5 59. Be3
Kg6 60. Bg1 f5 61. Kg3 Ra3+ 62. Kf2 f4 63. Bh2 Kf5 64. Bg1 Ke4 65. Bh2 Ra2+ 66.
Kf1 Rb2 67. Kg1 Ke3 68. Kh1 Kf2 69. Bg1+ Kf1 0-1

[Event "East Lansing (MEX/2)"]
[Site "?"]
[Date "1981.??.??"]
[Round "?"]
[White "Whitehouse, D.."]
[Black "Schick, A.."]
[Result "1-0"]
[WhiteElo "2260"]
[BlackElo "2095"]
[PlyCount "80"]
[EventDate "1981.??.??"]

1. c4 Nf6 2. Nc3 g6 3. g3 Bg7 4. Bg2 O-O 5. Nf3 c5 6. O-O Nc6 7. a3 d6 8. Rb1
Bf5 9. d3 Qd7 10. Re1 h6 11. b4 Bh3 12. Bh1 Rac8 13. Bd2 Nd8 14. Qa4 Qxa4 15.
Nxa4 Bd7 16. Nc3 b6 17. Rec1 e6 18. Nb5 Bxb5 19. cxb5 Nd7 20. a4 e5 21. Ne1 Ne6
22. Bc6 Nb8 23. Bb7 Rc7 24. Bd5 Nd7 25. Nc2 Nf6 26. Bg2 Rfc8 27. Ne3 Kf8 28.
Kf1 Ke7 29. Nc4 Nd7 30. e3 f5 31. a5 g5 32. Bc6 Rb8 33. f4 cxb4 34. Bxb4 Ndc5
35. axb6 axb6 36. fxe5 Bxe5 37. d4 Bf6 38. dxc5 Nxc5 39. Nxb6 Nd3 40. Nd5+ Kd8
1-0

[Event "East Lansing (MEX/4)"]
[Site "?"]
[Date "1981.??.??"]
[Round "?"]
[White "Whitehouse, D.."]
[Black "Poschel, Paul"]
[Result "0-1"]
[WhiteElo "2260"]
[BlackElo "2270"]
[PlyCount "102"]
[EventDate "1981.??.??"]

1. c4 c5 2. Nf3 Nf6 3. Nc3 d5 4. cxd5 Nxd5 5. e4 Nb4 6. Bc4 e6 7. d4 cxd4 8.
Nb5 a6 9. Nbxd4 N4c6 10. O-O Nxd4 11. Qxd4 Qxd4 12. Nxd4 b5 13. Bb3 Bb7 14. Be3
Bxe4 15. Rac1 Nd7 16. f3 Bd3 17. Rfd1 Bc4 18. Rxc4 bxc4 19. Ba4 O-O-O 20. Nc6
Bc5 21. Bxc5 Nxc5 22. Nxd8 Rxd8 23. Rxd8+ Kxd8 24. Bc2 Ke7 25. Kf2 e5 26. Ke3
g6 27. Kd2 Ke6 28. g4 h6 29. h4 Kd5 30. Ke3 a5 31. a3 Ne6 32. Be4+ Kd6 33. Bc2
Nf4 34. Ke4 Ng2 35. b3 Nxh4 36. bxc4 f5+ 37. Ke3 Kc5 38. Ba4 Kxc4 39. Bd7 Kd5
40. a4 fxg4 41. fxg4 Ng2+ 42. Kf3 Nf4 43. Ke3 h5 44. gxh5 gxh5 45. Bc8 Ne6 46.
Bb7+ Kc4 47. Ba6+ Kb4 48. Be2 h4 49. Ke4 Nc5+ 50. Kxe5 Nxa4 51. Bg4 Nc5 0-1

[Event "East Lansing (MEX/5)"]
[Site "?"]
[Date "1981.??.??"]
[Round "?"]
[White "Whitehouse, D.."]
[Black "Hahn, David"]
[Result "1/2-1/2"]
[WhiteElo "2260"]
[BlackElo "2075"]
[PlyCount "39"]
[EventDate "1981.??.??"]

1. c4 Nf6 2. Nc3 g6 3. g3 Bg7 4. Bg2 c5 5. Nf3 d5 6. cxd5 Nxd5 7. Nxd5 Qxd5 8.
O-O Nc6 9. d3 O-O 10. a3 b6 11. Ne5 Qxe5 12. Bxc6 Bh3 13. Bxa8 Bxf1 14. Bf3 Bh3
15. Rb1 Qd6 16. Be3 h5 17. Qa4 a5 18. b4 cxb4 19. axb4 Bd7 20. Qb3 1/2-1/2

[Event "East Lansing (MEX/1)"]
[Site "?"]
[Date "1981.??.??"]
[Round "?"]
[White "Wasserman, J.."]
[Black "Whitehouse, D.."]
[Result "0-1"]
[WhiteElo "2000"]
[BlackElo "2260"]
[PlyCount "64"]
[EventDate "1981.??.??"]

1. e4 e6 2. d4 d5 3. Nc3 Bb4 4. e5 c5 5. a3 Bxc3+ 6. bxc3 Ne7 7. Nf3 Qa5 8. Bd2
Nbc6 9. a4 Bd7 10. Bd3 c4 11. Be2 O-O-O 12. Qb1 f5 13. O-O h6 14. Qb2 Rdg8 15.
Rfb1 Qc7 16. Qa3 g5 17. a5 Ng6 18. Bc1 Nf4 19. Bf1 a6 20. Qc5 Kb8 21. Rb6 Na7
22. Rab1 Nb5 23. Qb4 Bc6 24. Ba3 g4 25. Nd2 Rh7 26. Qb2 Qg7 27. g3 Nh3+ 28.
Bxh3 gxh3 29. f4 h5 30. Kf2 h4 31. Rg1 hxg3+ 32. Rxg3 Qxg3+ 0-1

[Event "East Lansing (MEX/3)"]
[Site "?"]
[Date "1981.??.??"]
[Round "?"]
[White "Wasserman, J.."]
[Black "Finegold, Mark"]
[Result "1-0"]
[WhiteElo "2000"]
[BlackElo "1980"]
[PlyCount "47"]
[EventDate "1981.??.??"]

1. e4 c5 2. Nf3 Nc6 3. d4 cxd4 4. Nxd4 Nf6 5. Nc3 e5 6. Ndb5 d6 7. Bg5 a6 8.
Bxf6 gxf6 9. Na3 f5 10. Qh5 d5 11. O-O-O Bxa3 12. bxa3 Qa5 13. Nxd5 Qxa3+ 14.
Kb1 Nd4 15. Bc4 Be6 16. Nc7+ Kd8 17. Nxe6+ fxe6 18. Bxe6 Qb4+ 19. Bb3 Rc8 20.
Qxf5 Rxc2 21. Rxd4+ exd4 22. Qd5+ Kc8 23. Kxc2 Qc3+ 24. Kb1 1-0

[Event "East Lansing (MEX/5)"]
[Site "?"]
[Date "1981.??.??"]
[Round "?"]
[White "Wasserman, J.."]
[Black "Finegold, Ben"]
[Result "0-1"]
[WhiteElo "2000"]
[BlackElo "1990"]
[PlyCount "106"]
[EventDate "1981.??.??"]

1. e4 e6 2. d4 d5 3. Nc3 Bb4 4. e5 c5 5. a3 Bxc3+ 6. bxc3 Ne7 7. Nf3 Nbc6 8.
Bd3 c4 9. Be2 Bd7 10. O-O Qc7 11. a4 f6 12. exf6 gxf6 13. Nh4 O-O-O 14. Bh5 Ng6
15. Bxg6 hxg6 16. g3 g5 17. Ng2 Rh3 18. f4 Rdh8 19. fxg5 Rxh2 20. Bf4 e5 21.
dxe5 Bh3 22. Nh4 Bxf1 23. Qg4+ Kd8 24. Kxh2 Nxe5 25. Bxe5 Qxe5 26. Rxf1 fxg5
27. Kg2 gxh4 28. gxh4 Re8 29. Rf7 Qe2+ 30. Qxe2 Rxe2+ 31. Rf2 Re3 32. Rf3 Re2+
33. Rf2 Re3 34. Rf3 Re2+ 35. Kg3 Rxc2 36. h5 Re2 37. Kg4 Ke7 38. Rf5 Ke6 39.
Rf8 Rg2+ 40. Kh4 Rh2+ 41. Kg5 Rg2+ 42. Kh6 d4 43. cxd4 c3 44. Rc8 c2 45. Kh7
Kd5 46. h6 Kxd4 47. Kh8 Kd3 48. h7 Rg1 49. Rd8+ Kc3 50. a5 c1=Q 51. Rc8+ Kb4
52. Rxc1 Rxc1 53. Kg7 Rc7+ 0-1

[Event "East Lansing (MEX/3)"]
[Site "?"]
[Date "1981.??.??"]
[Round "?"]
[White "Schick, A.."]
[Black "Hahn, David"]
[Result "1/2-1/2"]
[WhiteElo "2095"]
[BlackElo "2075"]
[PlyCount "135"]
[EventDate "1981.??.??"]

1. d4 Nf6 2. c4 g6 3. Nc3 Bg7 4. e4 d6 5. f3 O-O 6. Be3 e5 7. Nge2 Nc6 8. d5
Na5 9. Nc1 c5 10. Qd2 Nh5 11. a3 b6 12. b4 Nb7 13. Qf2 f5 14. Nb3 a5 15. b5 Nf6
16. Qc2 fxe4 17. Nxe4 Nxe4 18. fxe4 Bh6 19. Bxh6 Qh4+ 20. g3 Qxh6 21. Qd2 Qh5
22. Be2 Bg4 23. Bxg4 Qxg4 24. Qe2 Qf3 25. Qxf3 Rxf3 26. Nd2 Re3+ 27. Kf2 Rc3
28. Rhc1 Rxc1 29. Rxc1 Nd8 30. Ke3 Nf7 31. Rf1 Kg7 32. Nf3 h6 33. Ng1 Ng5 34.
Ne2 Nh7 35. Nc3 Nf6 36. h3 h5 37. Kf3 Rf8 38. Kg2 Rb8 39. Re1 Rf8 40. Rf1 Rd8
41. Rf3 Rh8 42. Re3 Rf8 43. Na4 Rb8 44. Re2 Rb7 45. Kf3 Rb8 46. Rg2 Rf8 47. Ke3
Nd7 48. Rf2 Rb8 49. Nc3 Nf6 50. Ne2 Rf8 51. Ng1 Rb8 52. Nf3 Nh7 53. Rg2 g5 54.
Rf2 Kg6 55. Nd2 Nf6 56. Rf5 Rf8 57. Nf3 Nh7 58. g4 h4 59. Rxf8 Nxf8 60. Nd2 Kf6
61. Kf3 Ng6 62. Nb1 Ke7 63. Nc3 Kd7 64. Ne2 Nf4 65. Nxf4 exf4 66. e5 dxe5 67.
Ke4 a4 68. Kf3 1/2-1/2

[Event "East Lansing (MEX/1)"]
[Site "?"]
[Date "1981.??.??"]
[Round "?"]
[White "Schick, A.."]
[Black "Finegold, Ben"]
[Result "1-0"]
[WhiteElo "2095"]
[BlackElo "1990"]
[PlyCount "49"]
[EventDate "1981.??.??"]

1. d4 f5 2. Nf3 Nf6 3. g3 e6 4. Bg2 Be7 5. O-O O-O 6. c4 d6 7. Nc3 Nbd7 8. Qb3
Kh8 9. Rd1 Rb8 10. Ng5 Nb6 11. a4 d5 12. c5 Nc4 13. Qc2 Ne4 14. Ngxe4 fxe4 15.
Nxe4 e5 16. Nc3 Bf5 17. e4 Bg4 18. exd5 exd4 19. Rxd4 Bxc5 20. Rf4 Rxf4 21.
Bxf4 Nd6 22. Ne4 Nxe4 23. Qxe4 Bh5 24. Qe5 Bf7 25. Qxc7 1-0

[Event "East Lansing (MEX/1)"]
[Site "?"]
[Date "1981.??.??"]
[Round "?"]
[White "Rawley, L.."]
[Black "Pinto, M.."]
[Result "0-1"]
[WhiteElo "2145"]
[BlackElo "2025"]
[PlyCount "78"]
[EventDate "1981.??.??"]

1. e4 c5 2. Nf3 Nc6 3. d4 cxd4 4. Nxd4 e5 5. Nb5 a6 6. Nd6+ Bxd6 7. Qxd6 Qf6 8.
Qd1 Qg6 9. Nc3 d5 10. Nxd5 Qxe4+ 11. Be3 Nd4 12. Nc7+ Ke7 13. Rc1 Bg4 14. Qd3
Qxd3 15. Bxd3 Rd8 16. h3 Bh5 17. f4 exf4 18. Bxf4 Nf6 19. Kf2 Bg6 20. Rhe1+ Kd7
21. Rcd1 Kc6 22. Be5 Nf5 23. c4 Nd6 24. Bxg6 hxg6 25. Bxd6 Rxd6 26. Nd5 Nxd5
27. cxd5+ Kd7 28. Re4 Rh5 29. Red4 Rb6 30. b4 Rf6+ 31. Ke3 Re5+ 32. Kd3 Kd6 33.
Kc4 Rf2 34. R1d2 b5+ 35. Kb3 Ree2 36. Rxe2 Rxe2 37. Rd3 Rxg2 38. a4 Rg5 39. Rf3
Rf5 0-1

[Event "East Lansing (MEX/3)"]
[Site "?"]
[Date "1981.??.??"]
[Round "?"]
[White "Rawley, L.."]
[Black "DuPuis, P.."]
[Result "1/2-1/2"]
[WhiteElo "2145"]
[BlackElo "2095"]
[PlyCount "98"]
[EventDate "1981.??.??"]

1. e4 e5 2. Nc3 Nf6 3. Bc4 Nc6 4. f4 Bc5 5. Nf3 d6 6. d3 Be6 7. Bxe6 fxe6 8.
Na4 Bb6 9. Nxb6 axb6 10. fxe5 Nxe5 11. Nxe5 dxe5 12. O-O O-O 13. Be3 Qe8 14.
Qe2 Qg6 15. Rf3 Nh5 16. Raf1 Rxf3 17. Qxf3 h6 18. a3 Rd8 19. Bd2 Nf6 20. Bc3
Nd7 21. Qh3 Rf8 22. Rxf8+ Kxf8 23. Qh4 Qf6 24. Qxf6+ gxf6 25. Kf2 Kf7 26. Kf3
Kg6 27. g4 h5 28. Bb4 c5 29. Be1 Nb8 30. Bf2 Nc6 31. c3 hxg4+ 32. Kxg4 Na5 33.
b4 Nb3 34. Kf3 Nd2+ 35. Ke2 Nb1 36. c4 Nxa3 37. bxc5 b5 38. cxb5 Nxb5 39. Kd2
Kg5 40. Kc2 f5 41. Kb3 fxe4 42. dxe4 Kf4 43. Kc4 Na7 44. Kd3 Nc6 45. Be3+ Kg4
46. Bf2 Kf3 47. Bg3 Nb4+ 48. Kc4 Nc6 49. Kd3 Nb4+ 1/2-1/2

[Event "East Lansing (MEX/5)"]
[Site "?"]
[Date "1981.??.??"]
[Round "?"]
[White "Rawley, L.."]
[Black "Arganian, David G"]
[Result "1-0"]
[WhiteElo "2145"]
[BlackElo "1965"]
[PlyCount "67"]
[EventDate "1981.??.??"]

1. e4 e6 2. d4 d5 3. Nd2 Nf6 4. e5 Ne4 5. Bd3 Nxd2 6. Bxd2 c5 7. c3 Qb6 8. Nf3
Nc6 9. dxc5 Bxc5 10. b4 Bxf2+ 11. Ke2 d4 12. Kxf2 dxc3+ 13. Be3 Qxb4 14. Rf1
Ne7 15. Rb1 Qa5 16. Bb5+ Nc6 17. Kg1 O-O 18. Bc5 Rd8 19. Bd6 Qxa2 20. Rf2 Qd5
21. Qa4 Bd7 22. Rd1 c2 23. Rxd5 c1=Q+ 24. Rd1 Qe3 25. Bc7 Nxe5 26. Bxd8 Ng4 27.
Qxg4 Bxb5 28. Bf6 g6 29. Qd4 Qxd4 30. Rxd4 a5 31. Rfd2 Be8 32. Rd8 Rxd8 33.
Rxd8 Kf8 34. Ng5 1-0

[Event "East Lansing (MEX/1)"]
[Site "?"]
[Date "1981.??.??"]
[Round "?"]
[White "Quigley, L.."]
[Black "Martinovsky, E.."]
[Result "0-1"]
[WhiteElo "2115"]
[BlackElo "2410"]
[PlyCount "120"]
[EventDate "1981.??.??"]

1. d4 Nf6 2. c4 g6 3. Nc3 d5 4. Nf3 Bg7 5. Bg5 Ne4 6. cxd5 Nxg5 7. Nxg5 e6 8.
Qd2 exd5 9. Qe3+ Kf8 10. Qf4 Bf6 11. h4 c6 12. e4 h6 13. Nxf7 Kxf7 14. e5 Kg7
15. exf6+ Qxf6 16. Qc7+ Nd7 17. O-O-O Rf8 18. f3 Rf7 19. Qg3 Nf8 20. h5 g5 21.
Bd3 Qxd4 22. Rhe1 Qf4+ 23. Qxf4 gxf4 24. Re8 b6 25. Rde1 Bb7 26. Rxa8 Bxa8 27.
Re8 Bb7 28. Ne2 c5 29. b4 Bc6 30. Rc8 Bd7 31. Rc7 c4 32. Bc2 Be6 33. Rxf7+ Bxf7
34. Nxf4 Nd7 35. Bg6 Bg8 36. Kc2 d4 37. Bf5 d3+ 38. Kc3 Ne5 39. Ne6+ Kf6 40.
Nd4 Kg5 41. g4 Kf4 42. Be4 Nxg4 43. Bxd3 cxd3 44. fxg4 Bh7 45. Kd2 Kxg4 46. b5
Be4 47. Nc6 a5 48. Ne5+ Kxh5 49. Nc4 Kg5 50. Nxb6 h5 51. Nd7 h4 52. Nc5 Bd5 53.
b6 h3 54. Nxd3 h2 55. Nf2 Kf4 56. Ke2 Bc4+ 57. Ke1 Ba6 58. a3 a4 59. Nh1 Kf3
60. Nf2 Kg2 0-1

[Event "East Lansing (MEX/3)"]
[Site "?"]
[Date "1981.??.??"]
[Round "?"]
[White "Poschel, Paul"]
[Black "Hill, C.."]
[Result "1/2-1/2"]
[WhiteElo "2270"]
[BlackElo "2165"]
[PlyCount "46"]
[EventDate "1981.??.??"]

1. c4 Nf6 2. Nc3 g6 3. e4 d6 4. d4 Bg7 5. h3 O-O 6. Bg5 h6 7. Be3 c5 8. d5 e6
9. Bd3 exd5 10. exd5 Nbd7 11. Nf3 Re8 12. Qd2 a6 13. O-O g5 14. Nh2 Ne5 15.
Rae1 Nxd3 16. Qxd3 b5 17. Bd2 Rxe1 18. Rxe1 bxc4 19. Qxc4 Bf5 20. Nf1 Nd7 21.
Ne4 Bxe4 22. Qxe4 Bxb2 23. h4 Qf6 1/2-1/2

[Event "East Lansing (MEX/1)"]
[Site "?"]
[Date "1981.??.??"]
[Round "?"]
[White "Poschel, Paul"]
[Black "DuPuis, P.."]
[Result "1-0"]
[WhiteElo "2270"]
[BlackElo "2095"]
[PlyCount "121"]
[EventDate "1981.??.??"]

1. c4 Nf6 2. Nc3 g6 3. e4 d6 4. d4 Bg7 5. h3 O-O 6. Bg5 c5 7. d5 h6 8. Bh4 a6
9. a4 e5 10. Bd3 Nbd7 11. g4 Qc7 12. Nge2 Nh7 13. Qd2 Rb8 14. f3 Ndf6 15. Kf2
Bd7 16. Kg2 b6 17. Bf2 Kh8 18. Be3 Ng8 19. Ng3 Qd8 20. h4 Qe7 21. h5 g5 22. a5
Qd8 23. axb6 Qxb6 24. Rhb1 a5 25. Nb5 Ra8 26. Ra4 Ra6 27. Rba1 Rfa8 28. Qe1 Bf6
29. Ne2 Bd8 30. Nc1 Ne7 31. Nb3 f5 32. gxf5 Nf6 33. Kf2 Kg7 34. Bd2 Nxh5 35.
Rxa5 Rxa5 36. Rxa5 Rxa5 37. Bxa5 Qb8 38. Bxd8 Nf4 39. Bf1 Qxd8 40. Nxd6 Qb6 41.
Qe3 Qxd6 42. Qxc5 Nc8 43. Qxd6 Nxd6 44. c5 Nxf5 45. c6 Be8 46. Nc5 Nd6 47. b4
Bf7 48. b5 Bxd5 49. exd5 Nxd5 50. Nd7 Nc8 51. Nxe5 Kf6 52. Nc4 Ke7 53. Bd3 Ncb6
54. Nxb6 Nxb6 55. Kg3 h5 56. Bg6 Kd6 57. Bxh5 Nd5 58. Bg6 Kc5 59. Bd3 Kb6 60.
Kg4 Nb4 61. Bf1 1-0

[Event "East Lansing (MEX/5)"]
[Site "?"]
[Date "1981.??.??"]
[Round "?"]
[White "Pinto, M.."]
[Black "Wolfrom, David"]
[Result "1-0"]
[WhiteElo "2025"]
[BlackElo "2080"]
[PlyCount "73"]
[EventDate "1981.??.??"]

1. d4 Nf6 2. c4 c5 3. d5 b5 4. cxb5 a6 5. Nc3 axb5 6. e4 b4 7. Nb5 d6 8. Bf4 g5
9. Bxg5 Nxe4 10. Bf4 Qa5 11. Bd3 b3+ 12. Kf1 bxa2 13. Qe2 Ba6 14. f3 Bg7 15.
fxe4 O-O 16. Bd2 Qa4 17. Bc3 Bxc3 18. Nxc3 Bxd3 19. Qxd3 Qb3 20. Qd2 Nd7 21.
Nge2 f5 22. exf5 Rxf5+ 23. Ke1 Raf8 24. Rxa2 Ne5 25. Ra3 Qc4 26. Nd1 Qh4+ 27.
Rg3+ Kh8 28. Ne3 Rf2 29. Rf1 Rxf1+ 30. Nxf1 Ng4 31. Qc3+ Rf6 32. h3 Ne5 33. Nd2
c4 34. Nf3 Nxf3+ 35. gxf3 Qh5 36. Qd4 Qf5 37. Qg4 1-0

[Event "East Lansing (MEX/5)"]
[Site "?"]
[Date "1981.??.??"]
[Round "?"]
[White "Martinovsky, E.."]
[Black "Poschel, Paul"]
[Result "1-0"]
[WhiteElo "2410"]
[BlackElo "2270"]
[PlyCount "81"]
[EventDate "1981.??.??"]

1. d4 d5 2. c4 dxc4 3. Nf3 Nf6 4. e3 Bg4 5. h3 Bh5 6. Bxc4 e6 7. Nc3 a6 8. O-O
Nc6 9. Be2 Bd6 10. Nd2 Bxe2 11. Qxe2 O-O 12. Nc4 b5 13. Nxd6 cxd6 14. Bd2 Qb6
15. a4 b4 16. Na2 a5 17. Nc1 Rfc8 18. Nb3 Rc7 19. Qb5 Qa7 20. Rfc1 Rb8 21. Qd3
d5 22. Nc5 Rcc8 23. Rc2 Ne7 24. Rac1 h6 25. f3 Nd7 26. Be1 Nxc5 27. Rxc5 Rxc5
28. Rxc5 Rc8 29. Qb5 Rxc5 30. dxc5 Qc7 31. Qb6 Qxb6 32. cxb6 Nc6 33. e4 dxe4
34. b7 exf3 35. gxf3 Kf8 36. Bg3 Ke8 37. b8=Q+ Nxb8 38. Bxb8 Kd7 39. Kf2 Kc6
40. b3 Kd5 41. Ke3 1-0

[Event "East Lansing (MEX/3)"]
[Site "?"]
[Date "1981.??.??"]
[Round "?"]
[White "Martinovsky, E.."]
[Black "Gabbara, Faris"]
[Result "1-0"]
[WhiteElo "2410"]
[BlackElo "2155"]
[PlyCount "53"]
[EventDate "1981.??.??"]

1. d4 d5 2. c4 c6 3. Nf3 Nf6 4. Nc3 Bf5 5. cxd5 cxd5 6. Qb3 b6 7. Bg5 e6 8. e4
dxe4 9. Bb5+ Ke7 10. Ne5 Qxd4 11. Rd1 Qxe5 12. Bf4 Qc5 13. Na4 Qd5 14. Rxd5
Nxd5 15. Bg3 g5 16. Nc3 Nf4 17. Bxf4 gxf4 18. Qb4+ Kf6 19. Qd4+ e5 20. Nd5+ Ke6
21. Nc7+ Kf6 22. Ne8+ Kg6 23. Qxe5 Bb4+ 24. Ke2 Rxe8 25. Qxe8 Be6 26. h4 a6 27.
Qg8+ 1-0